Detalles MARC
| 000 -LEADER |
| fixed length control field |
01067nam a22003737a 4500 |
| 001 - CONTROL NUMBER |
| control field |
55113 |
| 003 - CONTROL NUMBER IDENTIFIER |
| control field |
DO-SdBNP |
| 005 - DATE AND TIME OF LATEST TRANSACTION |
| control field |
20180326142007.0 |
| 007 - PHYSICAL DESCRIPTION FIXED FIELD--GENERAL INFORMATION |
| fixed length control field |
55113 |
| 008 - FIXED-LENGTH DATA ELEMENTS--GENERAL INFORMATION |
| fixed length control field |
931105s1992 sp | spa |
| 016 ## - NATIONAL BIBLIOGRAPHIC AGENCY CONTROL NUMBER |
| Record control number |
BPMSU |
| 017 ## - COPYRIGHT OR LEGAL DEPOSIT NUMBER |
| Copyright or legal deposit number |
|
| Assigning agency |
|
| 020 ## - INTERNATIONAL STANDARD BOOK NUMBER |
| International Standard Book Number |
8434825600 |
| 035 ## - SYSTEM CONTROL NUMBER |
| System control number |
|
| 040 ## - CATALOGING SOURCE |
| Original cataloging agency |
BPMSU |
| Language of cataloging |
spa |
| Transcribing agency |
BPMSU |
| Description conventions |
|
| 041 1# - LANGUAGE CODE |
| Language code of text/sound track or separate title |
spa |
| Language code of original |
eng |
| 100 1# - MAIN ENTRY--PERSONAL NAME |
| Personal name |
Lobe, Mira, |
| Dates associated with a name |
1913- |
| 240 14 - UNIFORM TITLE |
| Uniform title |
<a href="Das kleine Hokuspokus">Das kleine Hokuspokus</a> |
| Language of a work |
Español |
| 245 10 - TITLE STATEMENT |
| Title |
Abracadabra, pata de cabra / |
| Statement of responsibility, etc. |
Mira Lobe ; ilustraciones de Javier Vázquez ; traducción del alemán, Jesús Larriba. |
| Medium |
|
| 250 ## - EDITION STATEMENT |
| Edition statement |
4ª ed. |
| 260 ## - PUBLICATION, DISTRIBUTION, ETC. (IMPRINT) |
| Place of publication, distribution, etc. |
Madrid : |
| Name of publisher, distributor, etc. |
SM, |
| Date of publication, distribution, etc. |
1992 |
| 300 ## - PHYSICAL DESCRIPTION |
| Extent |
58 p. ; |
| Other physical details |
il. : |
| Dimensions |
24 cm. |
| 490 1# - SERIES STATEMENT |
| Series statement |
El barco de vapor |
| Volume/sequential designation |
157. |
| 490 1# - SERIES STATEMENT |
| Series statement |
Serie blanca |
| Volume/sequential designation |
25 |
| 500 ## - GENERAL NOTE |
| General note |
Reimp. de la 1ª ed., 1988 |
| 503 ## - BIBLIOGRAPHIC HISTORY NOTE (BK CF MU) [OBSOLETE] |
| Bibliographic history note |
|
| 700 12 - ADDED ENTRY--PERSONAL NAME |
| Personal name |
Vázquez, Javier |
| Dates associated with a name |
1959- |
| Relator term |
ilustrador |
| 700 12 - ADDED ENTRY--PERSONAL NAME |
| Personal name |
Larriba, Jesús, |
| Relator term |
tr. |
| 830 #0 - SERIES ADDED ENTRY--UNIFORM TITLE |
| Uniform title |
El barco de vapor |
| Volume number/sequential designation |
157 |
| 830 #0 - SERIES ADDED ENTRY--UNIFORM TITLE |
| Uniform title |
Serie blanca |
| Volume number/sequential designation |
25 |
| 942 ## - ADDED ENTRY ELEMENTS (KOHA) |
| Source of classification or shelving scheme |
Dewey Decimal Classification |
| Koha item type |
Libros |
| 945 ## - LOCAL PROCESSING INFORMATION (OCLC) |
| a |
Inventariado, 2018 /LP |
| 956 ## - LOCAL ELECTRONIC LOCATION AND ACCESS (OCLC) |
| Host name |
VMATEO |
| Access method |
10 |
| Materials specified |
2010111523 |
| Linkage |
BPMSU |
| Field link and sequence number |
00151 |